[Event "4NCL Online Division 3"]
[Site "online"]
[Date "2020.06.02"]
[Round "9.131"]
[White "Mulay, Partha"]
[Black "Menadue, Jeremy F S"]
[Result "1-0"]
[WhiteElo "2147"]
[BlackElo "1996"]
[PlyCount "81"]
[EventDate "2020.06.02"]
[WhiteTeam "Warwick University B"]
[BlackTeam "Falmouth & Truro"]

1. Nf3 Nf6 2. c4 d6 3. d4 g6 4. Nc3 Bg7 5. g3 O-O 6. Bg2 a6 7. O-O Nc6 8. h3
Bd7 9. e4 Qc8 10. Kh2 e5 11. Be3 Rb8 12. d5 Ne7 13. c5 Ne8 14. Nd2 f5 15. exf5
gxf5 16. Nc4 f4 17. cxd6 Nxd6 18. Nxd6 cxd6 19. gxf4 Ng6 20. Ne4 exf4 21. Bd4
f3 22. Bxg7 fxg2 23. Rg1 Kxg7 24. Qd4+ Kg8 25. Rac1 Qd8 26. Rxg2 Qh4 27. Qe3
Bxh3 28. Qxh3 Qxe4 29. Rc7 Qe5+ 30. Kh1 Rf7 31. Rxf7 Kxf7 32. Rg3 Rh8 33. Rf3+
Kg7 34. Qd7+ Ne7 35. Rg3+ Kf6 36. Qg4 Rg8 37. Rf3+ Nf5 38. Qxg8 Qe1+ 39. Kh2
Qe4 40. Qg3 Ke7 41. Qg5+ 1-0

[Event "4NCL Online Division 3"]
[Site "online"]
[Date "2020.06.02"]
[Round "9.132"]
[White "Kneebone, Robin F G"]
[Black "Jina, Taran"]
[Result "1-0"]
[WhiteElo "1952"]
[BlackElo "2132"]
[PlyCount "43"]
[EventDate "2020.06.02"]
[WhiteTeam "Falmouth & Truro"]
[BlackTeam "Warwick University B"]

1. c4 e6 2. Nf3 b6 3. Nc3 Bb7 4. e4 d5 5. exd5 exd5 6. cxd5 Nf6 7. Bb5+ Nbd7 8.
O-O Be7 9. Re1 O-O 10. Bc6 Bxc6 11. dxc6 Nb8 12. Qa4 Qd6 13. Ne5 Nd5 14. b3 Bf6
15. Ba3 Nxc3 16. dxc3 Qd5 17. Rad1 Qe6 18. Bxf8 Bxe5 19. Rd8 f6 20. Ba3+ Kf7
21. Qe4 a5 22. Rf8# 1-0

[Event "4NCL Online Division 3"]
[Site "online"]
[Date "2020.06.02"]
[Round "9.133"]
[White "Bott, Simeon"]
[Black "Hassall, Mark I"]
[Result "0-1"]
[WhiteElo "1937"]
[BlackElo "1942"]
[PlyCount "126"]
[EventDate "2020.06.02"]
[WhiteTeam "Warwick University B"]
[BlackTeam "Falmouth & Truro"]

1. e4 c5 2. Nf3 e6 3. d4 cxd4 4. Nxd4 a6 5. Bd3 Qc7 6. O-O Nc6 7. Nxc6 dxc6 8.
Be3 Nf6 9. Nd2 e5 10. h3 Be6 11. a4 Rd8 12. a5 c5 13. Qf3 Be7 14. b3 h5 15. Qe2
Nd7 16. f4 exf4 17. Bxf4 Bd6 18. Bxd6 Qxd6 19. Kh1 Ne5 20. Nc4 Qd4 21. Rad1 Bg4
22. Qf2 Qxf2 23. Rxf2 Nxc4 24. hxg4 hxg4+ 25. Kg1 Ne5 26. Rfd2 Ke7 27. Kf2 Rd4
28. c3 Rd6 29. Be2 Rhd8 30. Rxd6 Rxd6 31. Rxd6 Kxd6 32. Kg3 Nc6 33. Bc4 Ne5 34.
Bd5 Kc7 35. Kf4 f6 36. Be6 b6 37. axb6+ Kxb6 38. Bxg4 Nxg4 39. Kxg4 Kb5 40. Kf5
a5 41. g4 c4 42. b4 axb4 43. g5 bxc3 44. gxf6 gxf6 45. Kxf6 c2 46. e5 c1=Q 47.
e6 Qf4+ 48. Kg7 Qg5+ 49. Kf7 c3 50. e7 Qxe7+ 51. Kxe7 c2 52. Kd6 c1=Q 53. Kd5
Qd2+ 54. Ke4 Kc4 55. Ke5 Qd5+ 56. Kf4 Qe6 57. Kf3 Kd3 58. Kf4 Qf6+ 59. Kg4 Ke4
60. Kg3 Qf3+ 61. Kh4 Qg2 62. Kh5 Kf5 63. Kh4 Qg4# 0-1

[Event "4NCL Online Division 3"]
[Site "online"]
[Date "2020.06.02"]
[Round "9.134"]
[White "Willis, Toby W"]
[Black "Fowler, Jonathan"]
[Result "0-1"]
[WhiteElo "1892"]
[BlackElo "1892"]
[PlyCount "62"]
[EventDate "2020.06.02"]
[WhiteTeam "Falmouth & Truro"]
[BlackTeam "Warwick University B"]

1. d4 d5 2. c4 e6 3. Nc3 Nf6 4. Bg5 Be7 5. e3 O-O 6. Nf3 Ne4 7. Bxe7 Qxe7 8.
Rc1 c6 9. Bd3 Nxc3 10. Rxc3 dxc4 11. Bxc4 Nd7 12. O-O e5 13. Bb3 e4 14. Nd2 Nf6
15. Qb1 Bf5 16. Rfc1 Bg6 17. a3 Rfd8 18. h3 Nd5 19. Rc5 Rd6 20. Nc4 Rf6 21. Ne5
Nb6 22. Bc2 Re6 23. b4 Nd7 24. Nxd7 Qxd7 25. Bb3 Rf6 26. b5 Bf5 27. bxc6 bxc6
28. Ba4 Bxh3 29. Bxc6 Rxc6 30. gxh3 Rg6+ 31. Kh2 Rh6 0-1

[Event "4NCL Online Division 3"]
[Site "online"]
[Date "2020.06.02"]
[Round "9.141"]
[White "Pigott, Darrell N"]
[Black "Ratnesan, Rajeiv"]
[Result "1-0"]
[WhiteElo "1900"]
[BlackElo "1945"]
[PlyCount "47"]
[EventDate "2020.06.02"]
[WhiteTeam "Watford 2"]
[BlackTeam "Surbiton 2"]

1. e4 b6 2. Nc3 Bb7 3. Nf3 d6 4. Bc4 e6 5. O-O Nc6 6. Bb3 Nf6 7. d4 Be7 8. Re1
h6 9. d5 exd5 10. exd5 Nb8 11. Nd4 O-O 12. Qf3 Nbd7 13. Qg3 Nh5 14. Qh3 g6 15.
Bxh6 Re8 16. Bd2 Bf8 17. Ne6 Qc8 18. Nb5 fxe6 19. dxe6 Nc5 20. e7+ Nxb3 21.
Qxb3+ d5 22. exf8=Q+ Rxf8 23. Qd3 Rf6 24. Re5 1-0

[Event "4NCL Online Division 3"]
[Site "online"]
[Date "2020.06.02"]
[Round "9.142"]
[White "Hogarth, Mark J"]
[Black "Sloan, Cecil"]
[Result "1-0"]
[WhiteElo "1902"]
[BlackElo "1735"]
[PlyCount "85"]
[EventDate "2020.06.02"]
[WhiteTeam "Surbiton 2"]
[BlackTeam "Watford 2"]

1. e4 c5 2. Nc3 Nc6 3. f4 g6 4. Nf3 Bg7 5. Bc4 e6 6. O-O Nge7 7. d3 d5 8. Bb3
O-O 9. Qe1 Na5 10. e5 Nxb3 11. axb3 b6 12. Bd2 Bb7 13. Nb5 Nc8 14. g4 a6 15.
Nc3 Ne7 16. Qg3 d4 17. Ne4 Bxe4 18. dxe4 f6 19. Qh4 Nc6 20. exf6 Bxf6 21. Qh3
Qe7 22. Rae1 Nb4 23. e5 Bg7 24. Bxb4 cxb4 25. Nxd4 Qc5 26. Qe3 Rfe8 27. Kg2
Rac8 28. Rf2 Rc7 29. Rfe2 Rec8 30. Kh3 Qe7 31. f5 gxf5 32. gxf5 Qf7 33. Qg5 Re7
34. f6 h6 35. Qg4 Ree8 36. Rg1 Rcd8 37. Qxg7+ Qxg7 38. Rxg7+ Kf8 39. Nc6 Rc8
40. Ne7 Rxe7 41. Rxe7 Rc5 42. Rd2 Rc8 43. Rdd7 1-0

[Event "4NCL Online Division 3"]
[Site "online"]
[Date "2020.06.02"]
[Round "9.143"]
[White "Littlefair, Paul"]
[Black "Sheard, Jack"]
[Result "1/2-1/2"]
[WhiteElo "1727"]
[BlackElo "1870"]
[PlyCount "76"]
[EventDate "2020.06.02"]
[WhiteTeam "Watford 2"]
[BlackTeam "Surbiton 2"]

1. e4 c5 2. Nf3 e6 3. d3 Nc6 4. g3 g6 5. Bg2 Bg7 6. O-O Nge7 7. c3 Rb8 8. Re1
d5 9. exd5 Nxd5 10. Qc2 O-O 11. Nbd2 b6 12. Ne4 Ba6 13. Bg5 Qd7 14. Rad1 h6 15.
Bc1 Rfd8 16. a3 Rbc8 17. Qa4 Nb8 18. Qxd7 Nxd7 19. d4 cxd4 20. Nxd4 Nc5 21.
Nxc5 Rxc5 22. Nc2 Bc4 23. Ne3 Bb3 24. Rd2 Rcc8 25. Nxd5 exd5 26. Re7 d4 27.
Rxa7 dxc3 28. bxc3 Bxc3 29. Rdd7 Be6 30. Rxd8+ Rxd8 31. Bf3 Kg7 32. Be3 Bd4 33.
Bxd4+ Rxd4 34. Kg2 Rd3 35. a4 Ra3 36. Bc6 Kf6 37. Rb7 Rxa4 38. Rxb6 Ra3 1/2-1/2

[Event "4NCL Online Division 3"]
[Site "online"]
[Date "2020.06.02"]
[Round "9.144"]
[White "Bayly, Liam"]
[Black "Shaw, David K"]
[Result "1-0"]
[WhiteElo "1937"]
[BlackElo "1690"]
[PlyCount "31"]
[EventDate "2020.06.02"]
[WhiteTeam "Surbiton 2"]
[BlackTeam "Watford 2"]

1. d4 e6 2. Nc3 f5 3. e4 Nf6 4. Bd3 fxe4 5. Nxe4 Nc6 6. Nf3 b6 7. Nxf6+ gxf6 8.
Ng5 Qe7 9. Qh5+ Kd8 10. Nf7+ Ke8 11. Nxh8+ Kd8 12. Nf7+ Ke8 13. Ne5+ Kd8 14.
Nxc6+ dxc6 15. Qxh7 Qb4+ 16. c3 1-0

[Event "4NCL Online Division 3"]
[Site "online"]
[Date "2020.06.02"]
[Round "9.151"]
[White "Homer, Stephen J"]
[Black "Smith, Simon"]
[Result "0-1"]
[WhiteElo "1988"]
[BlackElo "1966"]
[PlyCount "120"]
[EventDate "2020.06.02"]
[WhiteTeam "West is Best 2"]
[BlackTeam "Beverley Vikings"]

1. e4 e5 2. Bc4 Nf6 3. d3 Nc6 4. Nf3 Bc5 5. c3 d6 6. h3 a6 7. Bb3 Ba7 8. Nbd2
O-O 9. O-O Ne7 10. Re1 Ng6 11. Nf1 c6 12. Ng3 h6 13. d4 Re8 14. Bc2 Nh7 15. Nf5
exd4 16. N3xd4 Nf6 17. Bd2 d5 18. exd5 Rxe1+ 19. Qxe1 Bxf5 20. Nxf5 Nxd5 21. c4
Ndf4 22. Bxf4 Nxf4 23. Qe5 Qg5 24. Ne7+ Kf8 25. Qxg5 hxg5 26. Nf5 Rd8 27. Rd1
Rxd1+ 28. Bxd1 Nd3 29. Bf3 Nxf2 30. Kf1 Nd3 31. Nd6 Nxb2 32. Nxb7 Nxc4 33. Bxc6
Ke7 34. Ke2 Bb6 35. Bd5 Ne5 36. Kd2 Kd7 37. Kc3 Kc7 38. Kb3 Nc6 39. Bxf7 Kxb7
40. g3 Bf2 41. h4 gxh4 42. gxh4 Bxh4 43. Bg6 Kb6 44. Ka4 Ne5 45. Be4 g5 46. Kb4
Be1+ 47. Kb3 Kc5 48. Kc2 Kd4 49. Bb7 a5 50. Kd1 Bb4 51. Ke2 a4 52. Kf2 a3 53.
Kg3 Bd2 54. Bc8 Nc6 55. Be6 Nb4 56. Kg4 Kc3 57. Kf3 Kb2 58. Ke2 Bf4 59. Kf3
Nxa2 60. Kg4 Nc1 0-1

[Event "4NCL Online Division 3"]
[Site "online"]
[Date "2020.06.02"]
[Round "9.152"]
[White "Vleeshhouwer, Douglas"]
[Black "Jukes, Sam"]
[Result "1-0"]
[WhiteElo "1960"]
[BlackElo "1871"]
[PlyCount "35"]
[EventDate "2020.06.02"]
[WhiteTeam "Beverley Vikings"]
[BlackTeam "West is Best 2"]

1. b3 e5 2. Bb2 Nc6 3. e3 d5 4. Bb5 Bd6 5. f4 Qe7 6. Nf3 Bg4 7. fxe5 Bxf3 8.
exd6 Qh4+ 9. g3 Qg4 10. Be2 Bxe2 11. Qxe2 Qe4 12. O-O Nf6 13. dxc7 Qxc2 14.
Bxf6 gxf6 15. Nc3 Kd7 16. Nxd5 Qc5 17. Qg4+ Kd6 18. Rxf6+ 1-0

[Event "4NCL Online Division 3"]
[Site "online"]
[Date "2020.06.02"]
[Round "9.153"]
[White "Hurley, Jake"]
[Black "Carmichael, Ned"]
[Result "1-0"]
[WhiteElo "1780"]
[BlackElo "1825"]
[PlyCount "73"]
[EventDate "2020.06.02"]
[WhiteTeam "West is Best 2"]
[BlackTeam "Beverley Vikings"]

1. e4 Nf6 2. Nc3 d5 3. e5 Nfd7 4. e6 fxe6 5. d4 g6 6. h4 Bg7 7. Nf3 O-O 8. h5
gxh5 9. Bd3 Nf6 10. Ne5 Nbd7 11. Rxh5 Nxe5 12. dxe5 Nxh5 13. Qxh5 Rf5 14. Bxf5
exf5 15. Bh6 Qf8 16. Bxg7 Qxg7 17. O-O-O c6 18. f4 Be6 19. Ne2 Bf7 20. Qf3 Qg4
21. Qf2 Bh5 22. Rd2 Qg7 23. Nd4 Bg4 24. Rd3 Qg6 25. Qh4 Re8 26. Rg3 e6 27. Rb3
Qf7 28. Qg5+ Kh8 29. a4 Qe7 30. Qh6 c5 31. Nb5 c4 32. Re3 Qc5 33. Re1 Qf2 34.
Rh1 Kg8 35. Qxh7+ Kf8 36. Nd6 Qxf4+ 37. Kb1 1-0

[Event "4NCL Online Division 3"]
[Site "online"]
[Date "2020.06.02"]
[Round "9.154"]
[White "Perkins, Peter T"]
[Black "Davis, Ashley J"]
[Result "0-1"]
[WhiteElo "1652"]
[BlackElo "1852"]
[PlyCount "71"]
[EventDate "2020.06.02"]
[WhiteTeam "Beverley Vikings"]
[BlackTeam "West is Best 2"]

1. d4 Nf6 2. Nf3 g6 3. c4 c5 4. d5 b5 5. e3 d6 6. Be2 Bg7 7. O-O O-O 8. Nbd2
Nbd7 9. Rb1 Nb6 10. b3 Bf5 11. e4 Nxe4 12. Nxe4 Bxe4 13. Bd3 Bxd3 14. Qxd3 bxc4
15. bxc4 Qd7 16. Bb2 Bxb2 17. Rxb2 e6 18. Ng5 exd5 19. cxd5 Rae8 20. Ne4 Qf5
21. f3 Re5 22. Rd2 Rxd5 23. Qa6 Rxd2 24. Nxd2 Qe5 25. Ne4 d5 26. Qxa7 dxe4 27.
Qxb6 Qd4+ 28. Kh1 e3 29. Qb5 c4 30. a4 e2 31. Re1 Qf2 32. Qb1 Rd8 33. h3 c3 34.
Kh2 c2 35. Rxe2 cxb1=Q 36. Rxf2 0-1

[Event "4NCL Online Division 3"]
[Site "online"]
[Date "2020.06.02"]
[Round "9.161"]
[White "Silva Peña, Ángel David"]
[Black "Davies, Neil"]
[Result "1-0"]
[WhiteElo "1862"]
[BlackElo "1937"]
[PlyCount "115"]
[EventDate "2020.06.02"]
[WhiteTeam "Wimbledon 2"]
[BlackTeam "Mushrooms 2"]

1. e4 e5 2. Nf3 Nc6 3. Bb5 a6 4. Ba4 Nf6 5. d3 d6 6. c3 Be7 7. O-O O-O 8. Re1
b5 9. Bc2 Na5 10. Nbd2 c5 11. Nf1 Re8 12. Ng3 g6 13. Bg5 Bf8 14. h3 h6 15. Be3
Nc6 16. Qd2 Kh7 17. d4 cxd4 18. cxd4 Qa5 19. Qe2 Bd7 20. a3 Rac8 21. Rac1 Qc7
22. Bb3 exd4 23. Bxd4 Nxd4 24. Nxd4 Qxc1 25. Rxc1 Rxc1+ 26. Kh2 Rcc8 27. Bxf7
Re7 28. Bb3 Rce8 29. f3 d5 30. Bc2 dxe4 31. Nxe4 Nxe4 32. Bxe4 Bf5 33. Nxf5
gxf5 34. Bxf5+ Kh8 35. Be4 Bg7 36. a4 bxa4 37. Qxa6 Re6 38. Qxa4 Bxb2 39. Bd5
R6e7 40. Qh4 Bg7 41. Bc6 Re6 42. Bxe8 Rxe8 43. Qh5 Re5 44. Qg6 Rg5 45. Qe8+ Kh7
46. f4 Rc5 47. Qe4+ Kh8 48. Qg6 Ra5 49. h4 Ra8 50. Kh3 Rf8 51. g3 Rf6 52. Qe8+
Rf8 53. Qe4 Rb8 54. f5 Rf8 55. Kg4 Bf6 56. Qe6 Rg8+ 57. Kh5 Bd8 58. Qxh6# 1-0

[Event "4NCL Online Division 3"]
[Site "online"]
[Date "2020.06.02"]
[Round "9.162"]
[White "Kennedy, Craig"]
[Black "Hernandez, Federico"]
[Result "1-0"]
[WhiteElo "1937"]
[BlackElo "1795"]
[PlyCount "81"]
[EventDate "2020.06.02"]
[WhiteTeam "Mushrooms 2"]
[BlackTeam "Wimbledon 2"]

1. e4 c6 2. d4 d5 3. e5 Bf5 4. h4 h5 5. Bd3 Bxd3 6. Qxd3 e6 7. Bg5 Be7 8. Nf3
Qb6 9. Nc3 c5 10. Qb5+ Nd7 11. Qxb6 axb6 12. Nb5 f6 13. Nc7+ Kd8 14. Nxe6+ Kc8
15. Bf4 fxe5 16. Nxe5 Nxe5 17. Bxe5 Bf6 18. Nxg7 Bxg7 19. Bxg7 Rh7 20. Be5 Re7
21. O-O Nh6 22. g3 Kd7 23. a3 Rg8 24. Rae1 Nf5 25. Kh2 Rge8 26. Rd1 Kc6 27. c3
Nh6 28. f4 Ng4+ 29. Kh3 Ne3 30. Rde1 Nxf1 31. Rxf1 Rg8 32. f5 c4 33. f6 Rf7 34.
Rf5 Rh8 35. g4 hxg4+ 36. Kxg4 Kd7 37. Rg5 Ke6 38. Rg7 Rh7 39. Kg5 Rfxg7+ 40.
fxg7 Kf7 41. h5 1-0

[Event "4NCL Online Division 3"]
[Site "online"]
[Date "2020.06.02"]
[Round "9.163"]
[White "Williams, Michael D"]
[Black "Fenwick, Hugh F"]
[Result "1-0"]
[WhiteElo "1765"]
[BlackElo "1907"]
[PlyCount "39"]
[EventDate "2020.06.02"]
[WhiteTeam "Wimbledon 2"]
[BlackTeam "Mushrooms 2"]

1. d4 e6 2. c4 f5 3. Nc3 Nf6 4. a3 a5 5. Nf3 c6 6. Bf4 d5 7. c5 Nbd7 8. h3 b6
9. b4 Ne4 10. Nxe4 fxe4 11. Ne5 Nxe5 12. Bxe5 Ba6 13. e3 Bxf1 14. Kxf1 Qg5 15.
Bf4 Qd8 16. Qh5+ g6 17. Qe5 axb4 18. Qxh8 bxa3 19. Bd6 Kd7 20. Qxh7+ 1-0

[Event "4NCL Online Division 3"]
[Site "online"]
[Date "2020.06.02"]
[Round "9.164"]
[White "Joslin, Tim"]
[Black "Slonczuk, Pawel"]
[Result "0-1"]
[WhiteElo "1870"]
[BlackElo "1660"]
[PlyCount "114"]
[EventDate "2020.06.02"]
[WhiteTeam "Mushrooms 2"]
[BlackTeam "Wimbledon 2"]

1. e4 c5 2. c3 d5 3. exd5 Qxd5 4. d4 Nc6 5. Nf3 Bg4 6. Be2 cxd4 7. cxd4 e6 8.
Nc3 Bb4 9. O-O Qa5 10. Ne4 Nge7 11. Be3 Nd5 12. a3 Be7 13. b4 Qd8 14. Rc1 a6
15. Ng3 O-O 16. h3 Bxf3 17. Bxf3 Rc8 18. Ne4 Qc7 19. Qd2 h6 20. Rfd1 Rfd8 21.
Nc3 Nxe3 22. Qxe3 Bg5 23. Qe4 Bxc1 24. d5 exd5 25. Nxd5 Rxd5 26. Qxd5 Rd8 27.
Qe4 Rxd1+ 28. Bxd1 Qe5 29. Qf3 Bxa3 30. Bb3 Qe1+ 31. Kh2 Qe7 32. Qg4 Qc7+ 33.
g3 Bxb4 34. Bd5 a5 35. Qf5 a4 36. Be4 g6 37. Qb5 Be1 38. Qe2 Qa5 39. Bxg6 fxg6
40. Qe8+ Kg7 41. Qd7+ Kf8 42. Qd6+ Ne7 43. Qf6+ Ke8 44. Qh8+ Kd7 45. Qd4+ Kc8
46. Qg4+ Kb8 47. Qf4+ Ka7 48. Qe3+ Ka8 49. Qxe7 Bb4 50. Qe8+ Ka7 51. Qe3+ Bc5
52. Qxh6 a3 53. Qc1 a2 54. Qa1 Bxf2 55. Kg2 Bc5 56. Kf3 Qa4 57. h4 Bd4 0-1

[Event "4NCL Online Division 4"]
[Site "online"]
[Date "2020.04.07"]
[Round "1.11"]
[White "Buanne, Luca"]
[Black "Rathbone-Jones, Ifan"]
[Result "1-0"]
[WhiteElo "1922"]
[BlackElo "2072"]
[PlyCount "125"]
[EventDate "2020.04.07"]
[WhiteTeam "Battersea Howitzers"]
[BlackTeam "To Be Decided"]

1. e4 d5 2. exd5 Nf6 3. d4 c6 4. dxc6 Nxc6 5. Nf3 Bg4 6. Be2 e6 7. h3 Bf5 8. c3
Bd6 9. Bg5 Qb6 10. Qb3 Nd5 11. Nbd2 h6 12. Be3 Nxe3 13. fxe3 Bg3+ 14. Kf1 Qc7
15. c4 O-O 16. Bd3 Bg6 17. Bxg6 fxg6 18. Ke2 e5 19. d5 e4 20. Nxe4 Na5 21. Qd3
Bd6 22. Nxd6 Qxd6 23. Kf2 Qf6 24. Rab1 Qh4+ 25. Ke2 Qg3 26. Rhg1 b6 27. b3 Nb7
28. Qd4 h5 29. Rbf1 Rae8 30. Ne1 Rxf1 31. Rxf1 Qd6 32. Qf4 Qe7 33. Nd3 g5 34.
Qd4 Nd6 35. Kd2 Ne4+ 36. Kc2 Qa3 37. Qb2 Qd6 38. Kb1 Qg6 39. Qc2 Qd6 40. Nf2
Ng3 41. Re1 Qe5 42. e4 Nf5 43. Nd3 Qg3 44. exf5 Rxe1+ 45. Nxe1 Qxe1+ 46. Kb2
Qe5+ 47. Ka3 Qd6+ 48. b4 Qg3+ 49. Ka4 Qe5 50. c5 b5+ 51. Kxb5 Qb8+ 52. Kc4 Qf4+
53. Kb3 Qe3+ 54. Qc3 Qe2 55. d6 Qxg2 56. d7 Qa8 57. c6 Kh7 58. f6 a5 59. Qd3+
g6 60. d8=Q a4+ 61. Ka3 Qa5 62. Q3d7+ Kh6 63. Qg7# 1-0

[Event "4NCL Online Division 4"]
[Site "online"]
[Date "2020.04.07"]
[Round "1.12"]
[White "Gurner, Jem"]
[Black "Dupuis, Denis K"]
[Result "1-0"]
[WhiteElo "1975"]
[BlackElo "1870"]
[PlyCount "107"]
[EventDate "2020.04.07"]
[WhiteTeam "To Be Decided"]
[BlackTeam "Battersea Howitzers"]

1. d4 d5 2. c4 e6 3. Nc3 Nf6 4. Nf3 c6 5. Bg5 Nbd7 6. Qc2 Qa5 7. Bd2 Qc7 8. e3
Bd6 9. cxd5 exd5 10. Bd3 O-O 11. O-O b6 12. Rac1 a6 13. e4 dxe4 14. Nxe4 Bb7
15. Rfe1 Bf4 16. Nxf6+ Nxf6 17. Ne5 Bxd2 18. Qxd2 Qd6 19. Nc4 Qc7 20. h3 Rad8
21. Bb1 c5 22. Ne5 Qd6 23. Nc4 Qc6 24. Ne3 Rxd4 25. Qxd4 cxd4 26. Rxc6 Bxc6 27.
Nf5 Re8 28. Rxe8+ Bxe8 29. Nxd4 Kf8 30. Kf1 Nd5 31. Ke2 Ke7 32. Be4 Nf6 33.
Nf5+ Kf8 34. Bd3 a5 35. Nd6 Nd5 36. Nxe8 Nf4+ 37. Kd2 Nxd3 38. Kxd3 Kxe8 39.
Kc4 Kd7 40. Kd5 Kc7 41. g4 Kd7 42. f4 Kc7 43. h4 Kd7 44. f5 Kc7 45. g5 Kd7 46.
h5 Kc7 47. h6 gxh6 48. gxh6 Kd7 49. a4 Kc7 50. Ke5 Kd7 51. Kf6 Ke8 52. Kg7 Ke7
53. Kxh7 Kf8 54. f6 1-0

[Event "4NCL Online Division 4"]
[Site "online"]
[Date "2020.04.07"]
[Round "1.13"]
[White "Mellor, Jessica"]
[Black "Chadha, Sambhav"]
[Result "0-1"]
[WhiteElo "1870"]
[BlackElo "1706"]
[PlyCount "132"]
[EventDate "2020.04.07"]
[WhiteTeam "Battersea Howitzers"]
[BlackTeam "To Be Decided"]

1. e4 c5 2. Nc3 g6 3. f4 Bg7 4. Nf3 Nc6 5. Bb5 Nd4 6. O-O Nxb5 7. Nxb5 d5 8.
exd5 a6 9. Nc3 Nf6 10. Qe2 Nxd5 11. Nxd5 Qxd5 12. Re1 e6 13. c3 O-O 14. Rd1 b5
15. d4 Rd8 16. Be3 c4 17. Bf2 Bb7 18. Re1 Bh6 19. Bg3 Rac8 20. Ne5 a5 21. Ng4
Bg7 22. Bh4 Re8 23. Bf6 h5 24. Bxg7 Kxg7 25. Qe5+ Qxe5 26. Nxe5 Red8 27. Kf2 b4
28. Nf3 a4 29. a3 Bxf3 30. Kxf3 bxc3 31. bxc3 Rb8 32. Re2 Rb3 33. Re3 Rdb8 34.
h4 Rb2 35. g3 R8b3 36. g4 hxg4+ 37. Kxg4 Rg2+ 38. Kf3 Rc2 39. h5 gxh5 40. f5
exf5 41. d5 Rcxc3 42. Rxc3 Rxc3+ 43. Kf4 Kf6 44. Rd1 Rd3 45. Rc1 c3 46. Rc2 h4
47. Rc1 h3 48. Rc2 Ke7 49. Kxf5 Rxd5+ 50. Ke4 Rc5 51. Kf3 Rh5 52. Rc1 h2 53.
Rh1 c2 54. Kg2 f5 55. Re1+ Kf6 56. Kh1 f4 57. Rc1 Rc5 58. Kxh2 Ke5 59. Kg2 Kd4
60. Kf2 Kd3 61. Ke1 Re5+ 62. Kf2 Kd2 63. Ra1 c1=Q 64. Rxc1 Kxc1 65. Kf3 Rb5 66.
Kxf4 Kb2 0-1

[Event "4NCL Online Division 4"]
[Site "online"]
[Date "2020.04.07"]
[Round "1.14"]
[White "Jaberansari, Daniel"]
[Black "Steiners, Emils"]
[Result "1/2-1/2"]
[WhiteElo "1645"]
[BlackElo "1405"]
[PlyCount "70"]
[EventDate "2020.04.07"]
[WhiteTeam "To Be Decided"]
[BlackTeam "Battersea Howitzers"]

1. e4 e6 2. Nf3 d5 3. e5 c5 4. b4 Nc6 5. bxc5 Bxc5 6. d4 Bb4+ 7. c3 Ba5 8. Bd3
Nge7 9. Qc2 h6 10. O-O O-O 11. Na3 Bd7 12. Nb5 a6 13. Nd6 Rb8 14. Rb1 Qc7 15.
Ba3 b5 16. Rfc1 Nc8 17. Nxc8 Rfxc8 18. Bd6 Qa7 19. Bxb8 Nxb8 20. Qb2 Qc7 21.
Rc2 Qb7 22. a4 Qc7 23. axb5 axb5 24. Rbc1 Qb7 25. Nd2 Rc7 26. Nb3 Bb6 27. Qa3
Be8 28. Qb2 Bd7 29. Qa2 Bc6 30. Qb2 Be8 31. Ra1 Bd7 32. Na5 Qc8 33. Nb3 Qb7 34.
Na5 Qc8 35. Nb3 Qb7 1/2-1/2

[Event "4NCL Online Division 4"]
[Site "online"]
[Date "2020.04.07"]
[Round "1.21"]
[White "Rossiter, Alex"]
[Black "Sandhu, Manvith"]
[Result "0-1"]
[WhiteElo "1997"]
[BlackElo "1885"]
[PlyCount "68"]
[EventDate "2020.04.07"]
[WhiteTeam "Bristol Cabot Blackbeards"]
[BlackTeam "Warwickshire Bears A"]

1. e4 Nc6 2. Nf3 d6 3. d4 Nf6 4. Nc3 g6 5. Be3 Bg7 6. h3 O-O 7. Qd2 a6 8. O-O-O
b5 9. a3 b4 10. axb4 Nxb4 11. Bh6 c5 12. Bxg7 Kxg7 13. e5 dxe5 14. dxe5 Nd7 15.
b3 Qc7 16. Qe3 Nb6 17. Ne4 c4 18. Qc5 Qxc5 19. Nxc5 cxb3 20. cxb3 Bxh3 21. Rxh3
Rfc8 22. Nd4 Rxc5+ 23. Kb2 Rxe5 24. f4 Rd5 25. Kc3 Na2+ 26. Kb2 Nb4 27. Kc3 a5
28. Bc4 Rc8 29. g4 Nxc4 30. bxc4 Rdc5 31. Kb3 Rxc4 32. f5 Nd5 33. Ne2 a4+ 34.
Ka3 Nc7 0-1

[Event "4NCL Online Division 4"]
[Site "online"]
[Date "2020.04.07"]
[Round "1.22"]
[White "Dicen, Imogen"]
[Black "Turner, Lewis A"]
[Result "0-1"]
[WhiteElo "1847"]
[BlackElo "1802"]
[PlyCount "126"]
[EventDate "2020.04.07"]
[WhiteTeam "Warwickshire Bears A"]
[BlackTeam "Bristol Cabot Blackbeards"]

1. d4 d5 2. c4 c6 3. Nc3 Nf6 4. Nf3 e6 5. Bf4 dxc4 6. e4 b5 7. a3 Bb7 8. Be2
Be7 9. O-O O-O 10. Qc2 a6 11. Rfd1 Nbd7 12. b3 cxb3 13. Qxb3 Qb6 14. h3 c5 15.
d5 c4 16. Qc2 Bc5 17. Bf1 Rfe8 18. Bh2 Rad8 19. a4 e5 20. axb5 axb5 21. Rab1 b4
22. Na4 Qa7 23. Nxc5 Nxc5 24. Bxc4 Ncxe4 25. Rxb4 Bxd5 26. Bxd5 Nc3 27. Qxc3
Nxd5 28. Qd2 e4 29. Ne1 e3 30. Qd4 Qe7 31. Rbb1 Nc3 32. Qxc3 exf2+ 33. Kh1
f1=Q+ 34. Bg1 Rxd1 35. Rxd1 h6 36. Qd4 Qg5 37. Qb2 Qe2 38. Qb1 Qg3 39. Qa1 Rc8
40. Qb1 g6 41. Qa1 Qee5 42. Qa6 Re8 43. Qa2 Qe2 44. Qd5 Re5 45. Qd8+ Kh7 46.
Qd7 Qf1 47. Qd4 Rxe1 48. Rd2 Qxg1+ 49. Qxg1 Rxg1+ 50. Kxg1 Qe1+ 51. Kh2 Qxd2
52. h4 Qf4+ 53. g3 Qg4 54. Kg2 f5 55. Kf2 Qe4 56. Kg1 f4 57. gxf4 Qxf4 58. Kh1
Qxh4+ 59. Kg2 Qg4+ 60. Kh2 h5 61. Kh1 h4 62. Kh2 h3 63. Kh1 Qg2# 0-1

[Event "4NCL Online Division 4"]
[Site "online"]
[Date "2020.04.07"]
[Round "1.23"]
[White "Novakov, Oleksii"]
[Black "Shearsby, Jude"]
[Result "1/2-1/2"]
[WhiteElo "1562"]
[BlackElo "1847"]
[PlyCount "101"]
[EventDate "2020.04.07"]
[WhiteTeam "Bristol Cabot Blackbeards"]
[BlackTeam "Warwickshire Bears A"]

1. d4 e6 2. c4 f5 3. Nf3 Nf6 4. Nc3 Be7 5. e3 O-O 6. Bd3 d6 7. O-O Qe8 8. e4
Bd8 9. Re1 e5 10. exf5 Nc6 11. dxe5 dxe5 12. Nxe5 Nxe5 13. Bf4 Nfd7 14. Bxe5
Nxe5 15. f4 Qc6 16. fxe5 Qb6+ 17. Kh1 Bxf5 18. Bxf5 Rxf5 19. Qd5+ Kh8 20. Qd7
Rf8 21. e6 Bh4 22. e7 Rfe8 23. g3 Bf6 24. Nd5 Qf2 25. Rf1 Qe2 26. Rae1 Qxc4 27.
Nxc7 Rxe7 28. Nxa8 Qxf1+ 29. Rxf1 Rxd7 30. b3 Kg8 31. Rc1 Kf7 32. Nc7 a6 33.
Rc2 Be5 34. Na8 Bd4 35. Kg2 Ke7 36. Nc7 Bb6 37. Re2+ Kd8 38. Ne6+ Kc8 39. Rc2+
Kb8 40. Ng5 h6 41. Ne6 Re7 42. Nf4 Re5 43. Kf3 g5 44. Nh5 g4+ 45. Kxg4 Rg5+ 46.
Kh4 Bd8 47. Rg2 Rf5+ 48. Kg4 Rg5+ 49. Kh4 Rf5+ 50. Kg4 Rg5+ 51. Kh4 1/2-1/2

[Event "4NCL Online Division 4"]
[Site "online"]
[Date "2020.04.07"]
[Round "1.24"]
[White "Pal, Rohan"]
[Black "Roberts, Mike"]
[Result "1-0"]
[WhiteElo "1832"]
[BlackElo "1450"]
[PlyCount "91"]
[EventDate "2020.04.07"]
[WhiteTeam "Warwickshire Bears A"]
[BlackTeam "Bristol Cabot Blackbeards"]

1. e4 e5 2. Nf3 Nc6 3. Bc4 h6 4. O-O Bc5 5. c3 d6 6. a4 a6 7. d4 exd4 8. cxd4
Ba7 9. d5 Na5 10. Ba2 b5 11. b4 Nb7 12. e5 Ne7 13. Bb2 O-O 14. Bb3 c6 15. axb5
axb5 16. exd6 Nxd6 17. Rxa7 Rxa7 18. Qd4 Ndf5 19. Qxa7 Nxd5 20. Rd1 Be6 21. Nc3
Qf6 22. Qa1 Nxb4 23. Nxb5 Qg6 24. Bxe6 Qxe6 25. Nbd4 Nxd4 26. Nxd4 Qc4 27. Nf5
f6 28. Ne7+ Kh7 29. Rc1 Qe4 30. Re1 Qg4 31. Qb1+ f5 32. h3 Qg5 33. Bxg7 Qxg7
34. Qxb4 Rf6 35. Nxc6 Rxc6 36. Re7 Rg6 37. Rxg7+ Rxg7 38. Qf4 Rg5 39. Qc7+ Rg7
40. Qe5 Kg6 41. Qe6+ Kg5 42. f4+ Kh5 43. Qxf5+ Kh4 44. Qf6+ Kh5 45. Qxg7 Kh4
46. Qg4# 1-0